000 01911nam a22003614i 4500
001 991061509079206706
003 ES-BaIT
005 20251104101320.0
008 251029e202503 sp |||| |||| 0|0 d spa|c
017 _aDL M 26548-2025
_bOficina DL Madrid
020 _a9788412820560
040 _aES-BaIT
_bcat
_erda
_cES-BaIT
041 1 _aspa
_hfre
080 _a840-2"20"
080 _a82-27"20"
100 1 _aBadea, Alexandra,
_d1980-
_eautor
_9167744
245 1 0 _aPulverizados /
_cAlexandra Badea; traducción Borja Mozo Martín
250 _aPrimera edición
264 1 _aMadrid :
_bDemipage,
_cmarzo de 2025
300 _a94 pàgines ;
_c23 cm
336 _atext
_btxt
_2rdacontent
337 _asense mediació
_bn
_2rdamedia
338 _avolum
_bnc
_2rdacarrier
500 _aP4: D2, H2
520 _a"Con una estructura basada en monólogos entrelazados, la autora presenta a cuatro personajes que habitan en diferentes lugares del mundo y cuyas vidas están marcadas por un sistema que prioriza la eficiencia económica sobre la dignidad humana. En Shanghái, una operaria soporta jornadas interminables y humillaciones constantes en una fábrica, reflejo de la deshumanización industrial. En Dakar, un supervisor de teleoperadores lucha con el dilema ético de implementar políticas deshumanizantes paracumplir con objetivos de rendimiento. En Lyon, un responsable de calidad ve cómo las demandas laborales deterioran sus relaciones personales, mientras en Bucarest, una ingeniera enfrenta la presión de integrarse y ascender en un entorno altamente competitivo." -- Casa del llibre
650 0 _aMonòlegs francesos
_yS. XXI
_xTextos dramàtics
_9167745
650 0 _aDignitat
_xTextos dramàtics
_9167746
650 0 _aEconomia del treball
_xTextos dramàtics
_9167747
700 1 _aMozo Martín, Borja,
_etraductor
_9167748
908 _aCDMAE
940 _aCVA2
942 _2udc
_c1
999 _c136779
_d136779